|
|
|
|
| LEADER |
00812nam a22002411 4500 |
| 001 |
c000323438 |
| 003 |
CARM |
| 005 |
00000000000000.0 |
| 008 |
730220c19631962ilu b 00000 eng |
| 019 |
1 |
|
|a 712400
|5 LACONCORD2021
|
| 035 |
|
|
|a (OCoLC)614900
|5 LACONCORD2021
|
| 050 |
0 |
0 |
|a D13
|b .N38 1963
|
| 100 |
1 |
|
|a Nevins, Allan,
|d 1890-1971.
|
| 245 |
1 |
4 |
|a The gateway to history.
|
| 260 |
|
|
|a Chicago,
|b Quadrangle Books,
|c 1963 [c1962]
|
| 300 |
|
|
|a 440 p.
|c 22 cm.
|
| 500 |
|
|
|a Revised ed.
|
| 504 |
|
|
|a Includes bibliography.
|
| 650 |
|
0 |
|a Historiography.
|
| 852 |
8 |
|
|b CARM
|h A1:AL23F0
|i B10241
|p 0436598
|f BK
|
| 082 |
0 |
4 |
|a 907.2
|
| 999 |
f |
f |
|i 9dc40a7c-61ec-506f-85ca-e4406031f6a5
|s 38e36024-0dbe-57fc-a278-770f0e2bf12b
|
| 952 |
f |
f |
|p Can circulate
|a CAVAL
|b CAVAL
|c CAVAL
|d CARM 1 Store
|e B10241
|f A1:AL23F0
|h Other scheme
|i book
|m 0436598
|